00000000nam 2200000za 4500
0019.608241
003CaOODSP
00520210624213528
007cr |||||||||||
008150406s2005    xxc|||||o    f|0| 0 fre d
040 |aCaOODSP|bfre
043 |an-cn---
0861 |aSC102-2/32-2005F-MP3
1102 |aÉcole de la fonction publique du Canada.
24510|aFormuler des conditions. Fichier audio |h[ressource électronique]
2461 |iTitre additionnel (dans la publication) : |aAuto-évaluation - Activités orales : Objectif de formation 32
260 |aOttawa - Ontario : |bÉcole de la fonction publique du Canada
300 |aDurée : 00:26:49
4901 |aProgramme de français langue seconde - Niveaux A et B. Fichier audio |vObjectif de formation 32, 2005
500 |aTitre de l'édition imprimée et du catalogueur. Fichiers audio qui accompagnent la version imprimée (SC102-2/32-2005F) et électronique (SC102-2/32-2005F-PDF) de ce titre. Comprend des activités de mise en train, d'écoute, et de performance d'auto-évaluation orale.
590 |a15-01-Supp|b2015-01-26
830#0|aProgramme de français langue seconde - Niveaux A et B. Fichier audio ;|vObjectif de formation 32, 2005|w(CaOODSP)9.504304
85640|ahttp://publications.gc.ca|qMP3|s3.23 Mo|uhttps://publications.gc.ca/collections/collection_2015/efpc-csps/SC102-2-32-4-2005-fra.mp3
85640|ahttp://publications.gc.ca|qMP3|s5.67 Mo|uhttps://publications.gc.ca/collections/collection_2015/efpc-csps/SC102-2-32-28-2005-fra.mp3
85640|ahttp://publications.gc.ca|qMP3|s3.12 Mo|uhttps://publications.gc.ca/collections/collection_2015/efpc-csps/SC102-2-32-21-2005-fra.mp3
85640|qMP3|s1.60 Mo|uhttps://publications.gc.ca/collections/collection_2019/efpc-csps/SC102-2-32-26-2005-fra.mp3
85640|ahttp://publications.gc.ca|qMP3|s2.88 Mo|uhttps://publications.gc.ca/collections/collection_2015/efpc-csps/SC102-2-32-27-2005-fra.mp3
85640|ahttp://publications.gc.ca|qMP3|s2.84 Mo|uhttps://publications.gc.ca/collections/collection_2015/efpc-csps/SC102-2-32-29-2005-fra.mp3
85640|ahttp://publications.gc.ca|qMP3|s5.44 Mo|uhttps://publications.gc.ca/collections/collection_2015/efpc-csps/SC102-2-32-1m-2005-fra.mp3
85640|ahttp://publications.gc.ca|qMP3|s2.08 Mo|uhttps://publications.gc.ca/collections/collection_2015/efpc-csps/SC102-2-32-1p-2005-fra.mp3
85640|ahttp://publications.gc.ca|qMP3|s6.10 Mo|uhttps://publications.gc.ca/collections/collection_2015/efpc-csps/SC102-2-32-2m-2005-fra.mp3
85640|ahttp://publications.gc.ca|qMP3|s2.42 Mo|uhttps://publications.gc.ca/collections/collection_2015/efpc-csps/SC102-2-32-2p-2005-fra.mp3
85640|ahttp://publications.gc.ca|qMP3|s2.27 Mo|uhttps://publications.gc.ca/collections/collection_2015/efpc-csps/SC102-2-32-2e-2005-fra.mp3
85640|ahttp://publications.gc.ca|qMP3|s6.93 Mo|uhttps://publications.gc.ca/collections/collection_2015/efpc-csps/SC102-2-32-3m-2005-fra.mp3
85640|ahttp://publications.gc.ca|qMP3|s2.46 Mo|uhttps://publications.gc.ca/collections/collection_2015/efpc-csps/SC102-2-32-3p-2005-fra.mp3|yObjectif de formation 32, 2005